الإحصائيات لـ دول أفريقيا بأعلامها

أنقر هنا لكي تخضع للإختبار!

الإحصائيات العامة

  • هذا الإختبار تم الخضوع له 347 مره
  • الدرجة المتوسطة هي 12 من 54

إحصائيات الإجابة

Answer% صحيح
مصر
100%
غانا
78%
جنوب أفريقيا
46%
جزر القمر
42%
الجزائر
41%
كينيا
41%
السودان
38%
تونس
36%
المغرب
36%
الصومال
36%
ليبيا
36%
نيجيريا
34%
ليبيريا
33%
موريتانيا
28%
جمهورية الكونغو الديموقراطية
28%
الكاميرون
27%
ساحل العاج
26%
السنغال
26%
النيجر
26%
أنغولا
25%
بوركينا فاسو
24%
جيبوتي
24%
تشاد
22%
مدغشقر
22%
إسواتيني
18%
مالي
18%
زامبيا
17%
إثيوبيا
16%
غابون
16%
جمهورية الكونغو
15%
جنوب السودان
15%
بنين
15%
غينيا الإستوائية
15%
مالاوي
14%
أوغاندا
13%
تنزانيا
13%
غينيا
13%
زيمبابوي
13%
غامبيا
13%
بوتسوانا
12%
ناميبيا
11%
بوروندي
11%
سيرا ليون
11%
موزمبيق
9%
سيشل
9%
إريتريا
9%
ليسوتو
9%
غينيا بيساو
9%
توغو
9%
جزر الرأس الأخضر
5%
رواندا
5%
موريشيوس
5%
ساو تومي و برينسيب
4%
جمهورية أفريقيا الوسطي
1%

توزيع النقاط

النسبة وفقا للأرقام

نسبة الأشخاص لكل درجة

سجل النقاط الخاصة بك

لم تضخع لهذا الإختبار